000 00312 a2200097 4500
245 0 0 _aWymiary lamp elektronowych - Cokół 8-nóżkowy Eitar 8C15 PN-92/T-06400/08 /
_cMP i Handlu.
246 1 3 _aPN-92/T-06400/08
246 1 3 _a621.32.032.85
260 _aWarszawa :
_bMP i Handlu,
_c1992.
300 _a5 stron ;
_c30 cm.
650 _aPolska norma
999 _c20017
_d20017